Concrete Structures: materials, maintenance, and repair (Record no. 8335)
[ view plain ]
| 000 -LEADER | |
|---|---|
| fixed length control field | 00584nam a2200181 a 4500 |
| 020 ## - INTERNATIONAL STANDARD BOOK NUMBER | |
| ISBN | 0582050677 (hardcover) |
| 020 ## - INTERNATIONAL STANDARD BOOK NUMBER | |
| ISBN | 9780582050679 (hardcover) |
| 100 1# - MAIN ENTRY--AUTHOR NAME | |
| Personal name | Campbell-Allen, Denison. |
| 245 10 - TITLE STATEMENT | |
| Title | Concrete Structures: materials, maintenance, and repair |
| 260 ## - PUBLICATION, DISTRIBUTION, ETC. (IMPRINT) | |
| Place of publication | [S.l.] : |
| Name of publisher | Longman Pub Group, |
| Year of publication | 1996. |
| 300 ## - PHYSICAL DESCRIPTION | |
| Number of Pages | 388 p. ; |
| 650 ## - SUBJECT ADDED ENTRY--TOPICAL TERM | |
| Topical Term | Concrete construction. |
| 650 ## - SUBJECT ADDED ENTRY--TOPICAL TERM | |
| Topical Term | Concrete. |
| 650 ## - SUBJECT ADDED ENTRY--TOPICAL TERM | |
| Topical Term | Concrete construction-Maintenance and repair. |
| 700 1# - ADDED ENTRY--PERSONAL NAME | |
| Personal name | Roper, Harold. |
| 856 40 - ELECTRONIC LOCATION AND ACCESS | |
| Uniform Resource Identifier | https://www.amazon.com/exec/obidos/ASIN/0582050677/chopaconline-20 |
| 942 ## - ADDED ENTRY ELEMENTS (KOHA) | |
| Koha item type | Books |
| Withdrawn status | Lost status | Home library | Current library | Date acquired | Full call number | Accession Number | Koha item type |
|---|---|---|---|---|---|---|---|
| Seminar Library, Civil Engg. | Seminar Library, Civil Engg. | 23/07/2014 | 624.1834CAM | 23795 | Books |